Score 0/24 Timer 04:00
1 Play Today
Clue _ _ _ A % Correct
Volcanic outputLAVA
95.6%
Unresponsive stateCOMA
93.2%
Big brass orchestral instrumentTUBA
91.9%
Hawaiian dance with hand and hip movementsHULA
91.7%
Meditative practiceYOGA
90.2%
Passport stamp, or a credit cardVISA
88.6%
Computer programming languageJAVA
87.1%
Pocket breadPITA
86.4%
Star that increases light output, then fadesNOVA
83.4%
Public party or celebrationGALA
83.3%
Sixth Greek letterZETA
83.3%
Forearm boneULNA
82.3%
Clue _ _ _ A % Correct
Vegetable whose pods are used in gumboOKRA
78.4%
Main female singer in an opera companyDIVA
77.7%
''Hold your horses!''WHOA
73.7%
Heroic narrativeSAGA
73.5%
Sicilian volcanoETNA
71.1%
Two-dimensional geometric calculationAREA
69.5%
Kind of market or circusFLEA
68.9%
Flaky, layered mineralMICA
51.2%
Hawaiian coffee-growing regionKONA
48.9%
Flightless birdRHEA
38.5%
Pelvic bonesILIA
36%
Platform in a synagogueBEMA
13.3%

You're not logged in!

Compare scores with friends on all Sporcle quizzes.
OR
Log In

Sporcle TV

Today on Sporcle TV


Watch our educational content, quiz creation guides, and fun videos on Sporcle TV.

Show Comments

Extras

Top Quizzes Today


Score Distribution

Your Account Isn't Verified!

In order to create a playlist on Sporcle, you need to verify the email address you used during registration. Go to your Sporcle Settings to finish the process.

Report this User

Report this user for behavior that violates our Community Guidelines.

Details: